Statistics for Ancient Greek Quiz

Click here to take the quiz!

General Stats

  • This quiz has been taken 53 times
  • The average score is 2 of 5

Answer Stats

HintAnswer% Correct
name of the place where the parthenon isAcropolis
80%
city-state that Athens is inAttica
52%
worshiped god or goddess of CorinthApollo
50%
worshiped god or goddess of SpartaArtemis
33%
worshiped god or goddess of Olympia (Elis) Clue: they have 2Zeus and Hera
15%

Score Distribution

Percentile by Number Answered

Percent of People with Each Score

Your Score History

You have not taken this quiz